[Event "Moscow op-B (Women) 13th"]
[Site "Moscow"]
[Date "2017.02.04"]
[Round "8"]
[White "Pikalova, Sofya"]
[Black "Borisova, Polina I"]
[Result "1/2-1/2"]
[WhiteElo "1804"]
[BlackElo "1804"]
[PlyCount "113"]
[EventDate "2017.01.28"]
[EventType "swiss"]
[EventRounds "9"]
[EventCountry "RUS"]
[SourceTitle "EXT 2018"]
[Source "ChessBase"]
[SourceDate "2017.10.13"]
[SourceVersion "1"]
[SourceVersionDate "2017.10.13"]
[SourceQuality "1"]

1. e4 e5 2. Nf3 Nc6 3. Bb5 a6 4. Ba4 Nf6 5. 0-0 b5 6. Bb3 Be7 7. Re1 0-0 8. c3 d5 9. exd5 Nxd5 10. Nxe5 Nxe5 11. Rxe5 c6 12. d4 Bd6 13. Re1 Qh4 14. g3 Qh3 15. Be3 Bg4 16. Qd3 f5 17. Qf1 Qh5 18. f4 Kh8 19. Bxd5 cxd5 20. Nd2 Rf6 21. a4 Rb8 22. axb5 axb5 23. Qg2 Rh6 24. Ra5 Qf7 25. Nf3 b4 26. Ng5 Qc7 27. Qxd5 Rf6 28. Bf2 bxc3 29. bxc3 h6 30. Ne6 Qb6 31. Ra8 Kh7 32. Rxb8 Bxb8 33. Qd7 Rxe6 34. Qxe6 Qb2 35. c4 Qc3 36. c5 Bh3 37. Qd5 Qd3 38. c6 Bc7 39. Be3 Qc3 40. Bf2 Qd3 41. Qa2 Qf3 42. Be3 Qxc6 43. Rc1 Qb5 44. Qf2 Bb6 45. Re1 Qd5 46. Rb1 Ba7 47. Rd1 Bb6 48. Bc1 Qb3 49. Re1 Qc4 50. Bb2 Qd3 51. Qe2 Bxd4+ 52. Bxd4 Qxd4+ 53. Qf2 Qd5 54. Re5 Qd1+ 55. Qe1 Qf3 56. Qe2 Qc6 57. Qf2 1/2-1/2

[Event "Moscow op-B (Women)"]
[Site "Moscow"]
[Date "2016.02.07"]
[Round "9"]
[White "Borisova, Polina I"]
[Black "Bagaeva, Maria"]
[Result "1/2-1/2"]
[WhiteElo "1767"]
[BlackElo "1475"]
[PlyCount "101"]
[EventDate "2016.01.30"]
[EventType "swiss"]
[EventRounds "9"]
[EventCountry "RUS"]
[SourceTitle "CBM 170 Extra"]
[Source "ChessBase"]
[SourceDate "2016.02.25"]
[SourceVersion "1"]
[SourceVersionDate "2016.02.25"]
[SourceQuality "1"]

1. d4 d5 2. Bg5 Bf5 3. e3 a6 4. Nf3 h6 5. Bh4 Qd6 6. c3 e6 7. Bd3 Bxd3 8. Qxd3 Be7 9. Bg3 Qd8 10. Nbd2 Nf6 11. 0-0 0-0 12. Ne5 Nh5 13. f4 Nxg3 14. hxg3 Nd7 15. Nxd7 Qxd7 16. Nf3 c5 17. Ne5 Qc7 18. f5 c4 19. Qe2 Bd6 20. fxe6 Bxe5 21. dxe5 fxe6 22. Qh5 Qb6 23. Qe2 Qc7 24. Qh5 Qc5 25. Rae1 Rxf1+ 26. Kxf1 Rf8+ 27. Kg1 Qe7 28. g4 Qf7 29. Qxf7+ Rxf7 30. Rf1 Rxf1+ 31. Kxf1 Kf7 32. Kf2 g5 33. Kg3 Ke7 34. Kf3 Kd7 35. e4 Kc6 36. Ke3 Kc5 37. a4 a5 38. Kf3 Kc6 39. Ke3 dxe4 40. Kxe4 Kc5 41. g3 b6 42. Ke3 Kd5 43. Kf3 Kxe5 44. Ke3 Kd5 45. Kf3 Ke5 46. Ke3 Kd5 47. Kf3 e5 48. Ke3 e4 49. Kf2 e3+ 50. Kxe3 Ke5 51. Kf3 1/2-1/2

[Event "Moscow op-B (Women)"]
[Site "Moscow"]
[Date "2016.02.03"]
[Round "5"]
[White "Borisova, Polina I"]
[Black "Machlik, Edit"]
[Result "0-1"]
[WhiteElo "1767"]
[BlackElo "2053"]
[PlyCount "68"]
[EventDate "2016.01.30"]
[EventType "swiss"]
[EventRounds "9"]
[EventCountry "RUS"]
[SourceTitle "CBM 170 Extra"]
[Source "ChessBase"]
[SourceDate "2016.02.25"]
[SourceVersion "1"]
[SourceVersionDate "2016.02.25"]
[SourceQuality "1"]

1. e4 c6 2. d4 d5 3. e5 c5 4. dxc5 Nc6 5. Nf3 Bg4 6. c3 e6 7. Be3 Nge7 8. Nbd2 Nf5 9. Bd4 Nfxd4 10. cxd4 Qa5 11. a3 Bxf3 12. gxf3 Nxd4 13. b4 Qc7 14. f4 Be7 15. Qa4+ Qc6 16. Qd1 a5 17. Ne4 dxe4 18. Qxd4 axb4 19. axb4 Rxa1+ 20. Qxa1 e3 21. Rg1 exf2+ 22. Kxf2 Bh4+ 23. Ke3 0-0 24. Qd1 g6 25. Bd3 Rd8 26. Qh5 Bf2+ 27. Kxf2 Rxd3 28. Qg4 Qd5 29. Re1 Qd4+ 30. Kf1 Rd2 31. Qh4 Qxb4 32. Re2 Qc4 33. Qf2 Rxe2 34. Qxe2 Qxf4+ 0-1

[Event "Samara Polugaevsky Memorial 5th"]
[Site "Samara"]
[Date "2015.07.11"]
[Round "9"]
[White "Borisova, Polina I"]
[Black "Rodionova, Polina"]
[Result "0-1"]
[WhiteElo "1793"]
[BlackElo "2003"]
[PlyCount "84"]
[EventDate "2015.07.03"]
[EventType "swiss"]
[EventRounds "9"]
[EventCountry "RUS"]
[SourceTitle "EXT 2017"]
[Source "ChessBase"]
[SourceDate "2016.10.25"]
[SourceVersion "1"]
[SourceVersionDate "2016.10.25"]
[SourceQuality "1"]

1. d4 Nf6 2. c4 g6 3. Nc3 Bg7 4. e4 d6 5. Nf3 Bg4 6. Be2 Nfd7 7. Be3 0-0 8. Qd2 c5 9. d5 Na6 10. Bh6 Nc7 11. h4 Nf6 12. Ng1 Bxe2 13. Ngxe2 Qd7 14. f3 b5 15. b3 b4 16. Bxg7 Kxg7 17. Nd1 h5 18. Nf2 a5 19. Qb2 Kh7 20. Kd2 a4 21. Ng3 Ra6 22. Rhb1 Rfa8 23. Nf1 Nce8 24. Ne3 Qa7 25. Nc2 Nc7 26. Rh1 Qb8 27. Rab1 Qf8 28. g4 Nd7 29. Qc1 Qg7 30. Qd1 Qf6 31. Ke3 e6 32. f4 exd5 33. exd5 axb3 34. axb3 Re8+ 35. Kf3 Ra2 36. Kg3 Qc3+ 37. Kg2 Qxc2 38. Qf3 Re2 39. Rhf1 hxg4 40. Qg3 Nf6 41. Rbc1 Qb2 42. Kg1 Ne4 0-1

[Event "Samara Polugaevsky Memorial 5th"]
[Site "Samara"]
[Date "2015.07.09"]
[Round "7"]
[White "Borisova, Polina I"]
[Black "Sevastianov, Viktor"]
[Result "1-0"]
[WhiteElo "1793"]
[BlackElo "1939"]
[PlyCount "87"]
[EventDate "2015.07.03"]
[EventType "swiss"]
[EventRounds "9"]
[EventCountry "RUS"]
[SourceTitle "EXT 2017"]
[Source "ChessBase"]
[SourceDate "2016.10.25"]
[SourceVersion "1"]
[SourceVersionDate "2016.10.25"]
[SourceQuality "1"]

1. e4 Nc6 2. Nf3 e6 3. d4 d5 4. e5 b6 5. c3 Bb7 6. Bd3 Be7 7. 0-0 h5 8. Ne1 g6 9. Qc2 Kd7 10. b4 Nh6 11. a4 Nf5 12. Nd2 Nfxd4 13. cxd4 Nxb4 14. Qc3 Nxd3 15. Nxd3 a5 16. Ba3 Ke8 17. Rac1 Rc8 18. f4 Qd7 19. Qb3 Bc6 20. Bxe7 Kxe7 21. Nb2 Bb7 22. Qa3+ Ke8 23. Nd3 Bc6 24. Ra1 Qe7 25. Qb3 Ba8 26. Rfc1 Qd7 27. Rc3 Kd8 28. Rac1 Re8 29. Nb1 Re7 30. Na3 c6 31. Qxb6+ Qc7 32. Qc5 Qa7 33. Nb5 Qxc5 34. Rxc5 Rb8 35. Rxc6 Bxc6 36. Rxc6 Reb7 37. Nd6 Rb1+ 38. Kf2 Kd7 39. Ra6 R8b6 40. Nc5+ Kc6 41. Rxa5 Rd1 42. Ra8 Rb2+ 43. Ke3 Rxg2 44. a5 1-0

[Event "Samara Polugaevsky Memorial 5th"]
[Site "Samara"]
[Date "2015.07.04"]
[Round "2"]
[White "Akhmadeev, Valery Rimovich"]
[Black "Borisova, Polina I"]
[Result "1-0"]
[WhiteElo "2096"]
[BlackElo "1793"]
[PlyCount "63"]
[EventDate "2015.07.03"]
[EventType "swiss"]
[EventRounds "9"]
[EventCountry "RUS"]
[SourceTitle "EXT 2017"]
[Source "ChessBase"]
[SourceDate "2016.10.25"]
[SourceVersion "1"]
[SourceVersionDate "2016.10.25"]
[SourceQuality "1"]

1. d4 Nf6 2. c4 g6 3. Nc3 d5 4. cxd5 Nxd5 5. e4 Nxc3 6. bxc3 Bg7 7. Bc4 0-0 8. Ne2 c5 9. 0-0 Qa5 10. Be3 Nd7 11. Qc1 Re8 12. Bh6 Bh8 13. e5 e6 14. Ng3 b5 15. Bd3 Bb7 16. Be4 Bd5 17. a3 Rac8 18. Qe3 cxd4 19. cxd4 Rc4 20. Rfc1 Nb6 21. Rxc4 bxc4 22. Qg5 Nd7 23. h4 f6 24. Qg4 f5 25. Nxf5 Bxe4 26. Nd6 Bf5 27. Qf4 Re7 28. g4 Nxe5 29. gxf5 exf5 30. dxe5 Bxe5 31. Qxc4+ Kh8 32. Qc8+ 1-0

[Event "Voronezh op-B 19th"]
[Site "Voronezh"]
[Date "2015.06.16"]
[Round "5"]
[White "Redikultsev, Boris"]
[Black "Borisova, Polina I"]
[Result "0-1"]
[WhiteElo "1991"]
[BlackElo "1733"]
[PlyCount "132"]
[EventDate "2015.06.12"]
[EventType "swiss"]
[EventRounds "9"]
[EventCountry "RUS"]
[SourceTitle "CBM 167 Extra"]
[Source "ChessBase"]
[SourceDate "2015.09.14"]
[SourceVersion "1"]
[SourceVersionDate "2015.09.14"]
[SourceQuality "1"]

1. e4 e5 2. Nf3 Nc6 3. d4 exd4 4. Nxd4 Nf6 5. Nxc6 bxc6 6. e5 Qe7 7. Qe2 Nd5 8. c4 Ba6 9. b3 g6 10. Bb2 Bg7 11. g3 0-0 12. Bg2 Rfe8 13. 0-0 f6 14. Qf3 fxe5 15. Qd1 Nb6 16. Re1 Rad8 17. Nd2 d5 18. Qc2 Qc5 19. a4 e4 20. Ba3 Qd4 21. a5 Nd7 22. Rad1 Qc3 23. Qa2 Ne5 24. Rc1 Qxa5 25. b4 Qb6 26. Bxe4 Nxc4 27. Bg2 Rxe1+ 28. Rxe1 Bc3 29. Bc1 Rf8 30. Rf1 Nxd2 31. Bxd2 Bxd2 32. Qxd2 Bxf1 33. Kxf1 Qb5+ 34. Kg1 Qc4 35. h4 Rb8 36. Qe1 Kf8 37. Qe5 Qxb4 38. Qh8+ Kf7 39. Qxh7+ Kf6 40. Qxc7 Rb6 41. Qd8+ Qe7 42. Qh8+ Ke6 43. Bh3+ Kd6 44. Qa1 Qe4 45. Qf6+ Kc5 46. Qf8+ Kd4 47. Qg7+ Kd3 48. Bf1+ Kd2 49. Qxa7 Rb1 50. Qa5+ Kc2 51. Qa2+ Rb2 52. Qa6 c5 53. Qa3 c4 54. Qa4+ Kc1 55. Qa1+ Kc2 56. Qa4+ Kd2 57. Qa5+ c3 58. Kh2 Qd4 59. Kg2 Kc2 60. Qa6 Kb1 61. Bd3+ Kc1 62. Qa1+ Kd2 63. Bxg6 c2 64. Qa5+ Kc1 65. h5 Kd1 66. Qa1+ c1Q 0-1

[Event "Voronezh op-B 19th"]
[Site "Voronezh"]
[Date "2015.06.15"]
[Round "4"]
[White "Borisova, Polina I"]
[Black "Moiseenko, Andrey"]
[Result "1/2-1/2"]
[WhiteElo "1733"]
[BlackElo "1966"]
[PlyCount "93"]
[EventDate "2015.06.12"]
[EventType "swiss"]
[EventRounds "9"]
[EventCountry "RUS"]
[SourceTitle "CBM 167 Extra"]
[Source "ChessBase"]
[SourceDate "2015.09.14"]
[SourceVersion "1"]
[SourceVersionDate "2015.09.14"]
[SourceQuality "1"]

1. e4 d6 2. d4 Nf6 3. Nc3 g6 4. Be2 Bg7 5. Be3 c6 6. Qd2 Nbd7 7. Bh6 Bxh6 8. Qxh6 e5 9. dxe5 dxe5 10. Nh3 Qe7 11. 0-0 Nc5 12. Ng5 Ne6 13. Nxe6 Bxe6 14. Rad1 Nd7 15. Qe3 0-0 16. Kh1 f6 17. a3 Bf7 18. Bg4 Nc5 19. Rd2 Ne6 20. Ne2 b6 21. Rfd1 Rfd8 22. Bxe6 Bxe6 23. f3 Rac8 24. Nc3 Rxd2 25. Qxd2 Rc7 26. Qd8+ Qxd8 27. Rxd8+ Kf7 28. Rh8 Kg7 29. Rd8 Rd7 30. Rxd7+ Bxd7 31. Kg1 Kf7 32. Kf1 Ke6 33. Ke2 Kd6 34. Kd3 a5 35. b4 f5 36. Ne2 axb4 37. axb4 f4 38. c4 g5 39. h3 h5 40. Ng1 Ke6 41. Kc3 Kf6 42. Kd3 Be6 43. Kc3 b5 44. cxb5 cxb5 45. Kd2 Bc4 46. Ke1 g4 47. h4 1/2-1/2

[Event "Voronezh op-B 19th"]
[Site "Voronezh"]
[Date "2015.06.12"]
[Round "1"]
[White "Filippov, Ivan"]
[Black "Borisova, Polina I"]
[Result "1-0"]
[WhiteElo "2022"]
[BlackElo "1733"]
[PlyCount "63"]
[EventDate "2015.06.12"]
[EventType "swiss"]
[EventRounds "9"]
[EventCountry "RUS"]
[SourceTitle "CBM 167 Extra"]
[Source "ChessBase"]
[SourceDate "2015.09.14"]
[SourceVersion "1"]
[SourceVersionDate "2015.09.14"]
[SourceQuality "1"]

1. d4 Nf6 2. c4 g6 3. Nc3 Bg7 4. e4 d6 5. f3 0-0 6. Be3 Nbd7 7. Nge2 e5 8. Qd2 c6 9. 0-0-0 a6 10. Kb1 b5 11. c5 Ne8 12. d5 Nxc5 13. dxc6 Qc7 14. Nd5 Qd8 15. Rc1 Be6 16. Bxc5 dxc5 17. Rxc5 Nc7 18. Nxc7 Qxc7 19. Qc1 Rfd8 20. Nc3 Bf8 21. Nd5 Qa7 22. Rc3 Bxd5 23. exd5 Rxd5 24. Bd3 Qc7 25. Be4 Rd4 26. Rd1 Rad8 27. Rcd3 R8d6 28. g4 Qc8 29. Rxd4 exd4 30. Qc5 Qd8 31. c7 Qc8 32. Bb7 1-0

[Event "Moscow op-B (Women)"]
[Site "Moscow"]
[Date "2015.01.31"]
[Round "1"]
[White "Borisova, Polina I"]
[Black "Shaydullina, Sandugach"]
[Result "1/2-1/2"]
[WhiteElo "1764"]
[BlackElo "2149"]
[PlyCount "93"]
[EventDate "2015.01.31"]
[EventType "swiss"]
[EventRounds "9"]
[EventCountry "RUS"]
[SourceTitle "CBM 164 Extra"]
[Source "ChessBase"]
[SourceDate "2015.03.02"]
[SourceVersion "1"]
[SourceVersionDate "2015.03.02"]
[SourceQuality "1"]

1. e4 c5 2. Nf3 a6 3. d4 cxd4 4. Nxd4 Nf6 5. Nc3 e5 6. Nf3 Nc6 7. Bc4 Bb4 8. Bd2 0-0 9. 0-0 b5 10. Bd5 Qe7 11. a3 Bc5 12. Bg5 h6 13. Bh4 Ra7 14. b4 Bd4 15. Nxd4 Nxd4 16. f4 g5 17. fxg5 Nh7 18. g6 Qxh4 19. gxh7+ Kxh7 20. Bxf7 d6 21. Bg6+ Kg8 22. Nd5 Bg4 23. Rxf8+ Kxf8 24. Qd3 Kg7 25. Bf5 Be2 26. Qe3 Bc4 27. c3 Ne2+ 28. Kh1 Rf7 29. Nb6 Rxf5 30. exf5 Qg4 31. Nxc4 Qxc4 32. Rf1 Kf7 33. Rf2 Nf4 34. Qa7+ Kf6 35. Qh7 Qxc3 36. Qxh6+ Kxf5 37. Qh5+ Ke6 38. Qe8+ Kd5 39. Qf7+ Ke4 40. Qh7+ Kd5 41. Qf7+ Ke4 42. Qb7+ d5 43. Qh7+ Kd4 44. Qa7+ Ke4 45. Qh7+ Kd4 46. Qa7+ Ke4 47. Qh7+ 1/2-1/2

[Event "RUS-chT U20"]
[Site "Kolomna"]
[Date "2014.08.05"]
[Round "4"]
[White "Lebedenko, Olga"]
[Black "Borisova, Polina I"]
[Result "1/2-1/2"]
[WhiteElo "1964"]
[BlackElo "1629"]
[PlyCount "80"]
[EventDate "2014.08.02"]
[EventType "swiss"]
[EventRounds "9"]
[EventCountry "RUS"]
[SourceTitle "EXT 2016"]
[Source "ChessBase"]
[SourceDate "2015.10.08"]
[SourceVersion "1"]
[SourceVersionDate "2015.10.08"]
[SourceQuality "1"]

1. e4 e5 2. Nf3 Nc6 3. c3 Nf6 4. d4 exd4 5. e5 Ne4 6. Qe2 Nc5 7. cxd4 Ne6 8. Qd1 Bb4+ 9. Nc3 Bxc3+ 10. bxc3 Ne7 11. Bd3 d5 12. 0-0 h6 13. Nh4 g5 14. Nf5 Nxf5 15. Bxf5 Nf4 16. Bc2 Be6 17. Rb1 Qc8 18. Bxf4 gxf4 19. Qf3 Rg8 20. Kh1 Rg4 21. c4 c6 22. cxd5 Bxd5 23. Be4 Bxe4 24. Qxe4 Qd7 25. Qf3 0-0-0 26. Rfd1 Qf5 27. Rb3 Rdg8 28. d5 Rxg2 29. dxc6 b6 30. Qe2 Kb8 31. Qa6 Qc8 32. Rxb6+ Ka8 33. Rb7 Rxh2+ 34. Kxh2 Rg2+ 35. Kxg2 Qg4+ 36. Kh2 Qh4+ 37. Kg1 Qg4+ 38. Kh2 Qh4+ 39. Kg2 Qg4+ 40. Kh1 Qh3+ 1/2-1/2

[Event "Kimry Autumn op"]
[Site "Kimry"]
[Date "2013.08.29"]
[Round "4"]
[White "Chernyaev, Vladimir"]
[Black "Borisova, Polina I"]
[Result "0-1"]
[WhiteElo "1716"]
[BlackElo "1551"]
[PlyCount "80"]
[EventDate "2013.08.28"]
[EventType "swiss"]
[EventRounds "7"]
[EventCountry "RUS"]
[SourceTitle "CBM 156 Extra"]
[Source "ChessBase"]
[SourceDate "2013.10.22"]
[SourceVersion "1"]
[SourceVersionDate "2013.10.22"]
[SourceQuality "1"]

1. c4 e5 2. Nc3 f5 3. g3 Nf6 4. Bg2 Be7 5. e3 d6 6. Nge2 0-0 7. 0-0 Nc6 8. d4 exd4 9. exd4 Qe8 10. Bg5 Qf7 11. Nf4 Kh8 12. Nfd5 Nxd5 13. Bxd5 Qg6 14. Bxe7 Nxe7 15. Bg2 f4 16. Re1 Nf5 17. Be4 fxg3 18. hxg3 Bd7 19. Bg2 Nh4 20. Qb1 Bf5 21. Qc1 Nxg2 22. Kxg2 Qh5 23. Rh1 Be4+ 24. Nxe4 Qf3+ 25. Kg1 Qxe4 26. Qd2 Rf3 27. Rh4 Qg6 28. Kg2 Raf8 29. Rah1 Rxf2+ 30. Qxf2 Rxf2+ 31. Kxf2 h6 32. R1h2 Qc2+ 33. Ke3 Qxc4 34. b3 Qc3+ 35. Kf4 Qxd4+ 36. Kf5 Qe5+ 37. Kg4 d5 38. Kf3 Qc3+ 39. Kg4 d4 40. Kf5 Qxg3 0-1

[Event "Pushchino op"]
[Site "Pushchino"]
[Date "2012.02.26"]
[Round "6"]
[White "Borisova, Polina I"]
[Black "Klyuev, Alexander S"]
[Result "0-1"]
[WhiteElo "1522"]
[BlackElo "2168"]
[PlyCount "60"]
[EventDate "2012.02.24"]
[EventType "swiss"]
[EventRounds "7"]
[EventCountry "RUS"]
[SourceTitle "EXT 2014"]
[Source "ChessBase"]
[SourceDate "2013.11.20"]
[SourceVersion "1"]
[SourceVersionDate "2013.11.20"]
[SourceQuality "1"]

1. e4 c5 2. Nf3 d6 3. d4 cxd4 4. Qxd4 Bd7 5. Be3 Nc6 6. Qd2 Nf6 7. Bd3 e6 8. h3 Be7 9. Nc3 a6 10. 0-0 0-0 11. Rfe1 b5 12. Bg5 Qc7 13. Qe2 Rfe8 14. e5 dxe5 15. Nxe5 Nxe5 16. Qxe5 Qxe5 17. Rxe5 h6 18. Bxf6 Bxf6 19. Rc5 Rec8 20. Be4 Rxc5 21. Bxa8 Bxc3 22. bxc3 Kf8 23. Rd1 Ke7 24. Rd3 Rc4 25. Rg3 g6 26. Re3 Ra4 27. Bd5 a5 28. Kf1 Kd6 29. Bb3 Ra3 30. Rd3+ Kc7 0-1

[Event "Pushchino op"]
[Site "Pushchino"]
[Date "2012.02.24"]
[Round "2"]
[White "Uvarov, Viktor"]
[Black "Borisova, Polina I"]
[Result "0-1"]
[WhiteElo "1818"]
[BlackElo "1522"]
[PlyCount "48"]
[EventDate "2012.02.24"]
[EventType "swiss"]
[EventRounds "7"]
[EventCountry "RUS"]
[SourceTitle "EXT 2014"]
[Source "ChessBase"]
[SourceDate "2013.11.20"]
[SourceVersion "1"]
[SourceVersionDate "2013.11.20"]
[SourceQuality "1"]

1. d4 d5 2. c4 c6 3. Nf3 Nf6 4. Nc3 Bf5 5. e3 e6 6. h3 Bb4 7. Bd2 Bxc3 8. Bxc3 Ne4 9. Bb4 Nd7 10. a4 Qb6 11. Ba3 c5 12. dxc5 Ndxc5 13. b4 Nc3 14. Qd4 N5xa4 15. Qxg7 Kd7 16. Qxf7+ Kc8 17. Nd4 dxc4 18. Bxc4 Kb8 19. 0-0 a6 20. Qf6 Rg8 21. Nxf5 Qc6 22. Qe5+ Ka7 23. Qd4+ Nb6 24. Ne7 Qxg2# 0-1

[Event "Moscow op (Women)"]
[Site "Moscow"]
[Date "2012.02.03"]
[Round "7"]
[White "Savinova, Yulia"]
[Black "Borisova, Polina I"]
[Result "1-0"]
[WhiteElo "1772"]
[BlackElo "1522"]
[PlyCount "105"]
[EventDate "2012.01.28"]
[EventType "swiss"]
[EventRounds "9"]
[EventCountry "RUS"]
[SourceTitle "CBM 146 Extra"]
[Source "ChessBase"]
[SourceDate "2012.02.29"]
[SourceVersion "1"]
[SourceVersionDate "2012.02.29"]
[SourceQuality "1"]

1. e4 e5 2. Nf3 Nc6 3. Bc4 Bc5 4. 0-0 Nf6 5. Nc3 0-0 6. a3 Bd4 7. d3 Bxc3 8. bxc3 d6 9. Re1 h6 10. d4 exd4 11. cxd4 d5 12. exd5 Nxd5 13. Bb2 Bg4 14. h3 Bh5 15. Be2 Nf4 16. Bf1 Qf6 17. g4 Bg6 18. c3 Rfe8 19. Nh2 Ne7 20. Qf3 Qd6 21. c4 h5 22. Bc1 Ne6 23. d5 Nd4 24. Qc3 Nc2 25. Bb2 Qf6 26. Qxc2 Bxc2 27. Bxf6 gxf6 28. gxh5 Nf5 29. Nf3 Be4 30. Bg2 Bxf3 31. Bxf3 Nd4 32. Rxe8+ Rxe8 33. Bg2 Kh7 34. Kh2 Kh6 35. Rd1 Nc2 36. a4 Kxh5 37. Rc1 Nd4 38. d6 cxd6 39. Bxb7 Rb8 40. Bd5 Kg6 41. Rd1 Ne2 42. Bf3 Nc3 43. Rxd6 Nxa4 44. Ra6 Rb4 45. Rxa7 Rxc4 46. Bd5 Rf4 47. Kg3 Kg5 48. Rxf7 Nc3 49. Bf3 Na4 50. Rg7+ Kf5 51. Bg4+ Ke4 52. Re7+ Kd5 53. Kxf4 1-0

[Event "Pushkino op"]
[Site "Pushkino"]
[Date "2012.01.13"]
[Round "6"]
[White "Kaurova, Anna"]
[Black "Borisova, Polina I"]
[Result "1-0"]
[WhiteElo "1809"]
[BlackElo "1522"]
[PlyCount "63"]
[EventDate "2012.01.11"]
[EventType "swiss"]
[EventRounds "9"]
[EventCountry "RUS"]
[SourceTitle "EXT 2014"]
[Source "ChessBase"]
[SourceDate "2013.11.20"]
[SourceVersion "1"]
[SourceVersionDate "2013.11.20"]
[SourceQuality "1"]

1. e4 e5 2. Nf3 Nc6 3. Bb5 Nge7 4. Qe2 a6 5. Ba4 g6 6. c3 Bg7 7. 0-0 0-0 8. Rd1 d5 9. d3 Bg4 10. h3 Bxf3 11. Qxf3 f5 12. exd5 Nxd5 13. Bb3 Nce7 14. Bg5 Bf6 15. Bxf6 Rxf6 16. Re1 Qd6 17. c4 e4 18. dxe4 fxe4 19. Qxe4 Rf4 20. Qe2 Raf8 21. cxd5 Nxd5 22. Qd2 c6 23. Re2 Qc5 24. Nc3 Rd4 25. Qe3 Kg7 26. Nxd5 cxd5 27. Rd2 Rff4 28. Rad1 Rfe4 29. Qc3 Qxc3 30. bxc3 Rxd2 31. Rxd2 Kf7 32. Bxd5+ 1-0

[Event "Pushkino op"]
[Site "Pushkino"]
[Date "2012.01.12"]
[Round "3"]
[White "Borisova, Polina I"]
[Black "Lysenko, Olesya"]
[Result "1-0"]
[WhiteElo "1522"]
[BlackElo "1482"]
[PlyCount "105"]
[EventDate "2012.01.11"]
[EventType "swiss"]
[EventRounds "9"]
[EventCountry "RUS"]
[SourceTitle "EXT 2014"]
[Source "ChessBase"]
[SourceDate "2013.11.20"]
[SourceVersion "1"]
[SourceVersionDate "2013.11.20"]
[SourceQuality "1"]

1. e4 e6 2. d4 d5 3. e5 c5 4. c3 Nc6 5. Nf3 Qb6 6. a3 Bd7 7. g3 Nge7 8. Bg2 Nf5 9. b4 cxd4 10. cxd4 Nfxd4 11. Nxd4 Nxd4 12. Be3 Bxb4+ 13. axb4 Qxb4+ 14. Nd2 Nc6 15. 0-0 Nxe5 16. Rb1 Qa5 17. Rxb7 Bb5 18. Nb3 Qa6 19. Nc5 Qc6 20. Qb3 a6 21. Ra1 0-0 22. Bf1 d4 23. Bxb5 axb5 24. Rxa8 Rxa8 25. Bc1 h6 26. Rxb5 Nd7 27. Nxd7 Qxc1+ 28. Kg2 Qc6+ 29. Qf3 Qxf3+ 30. Kxf3 Rd8 31. Rb8 Rxb8 32. Nxb8 e5 33. Ke4 f5+ 34. Kd3 Kf7 35. f4 Ke6 36. fxe5 Kxe5 37. Nc6+ Kf6 38. Nxd4 g5 39. Ke3 Ke5 40. Nf3+ Kf6 41. h4 Kg6 42. hxg5 Kh5 43. gxh6 Kxh6 44. Kf4 Kg6 45. Nh4+ Kf6 46. Nxf5 Kg6 47. Kg4 Kh7 48. Kh5 Kg8 49. Kg6 Kh8 50. Kf7 Kh7 51. g4 Kh8 52. g5 Kh7 53. g6+ 1-0